LEADER 00771nam0-22002771i-450- 001 990001679720403321 005 20051005113300.0 035 $a000167972 035 $aFED01000167972 035 $a(Aleph)000167972FED01 035 $a000167972 100 $a20030910d1976----km-y0itay50------ba 101 0 $aeng 200 1 $aCarbohydrate research in plants and animals 210 $aWageningen$cH. Veenman & Zonen B.V.$d1976 215 $a145 p.$d26 cm 225 1 $aMiscellaneous papers$v12 610 0 $aCarboidrati 676 $a547.78 801 0$aIT$bUNINA$gRICA$2UNIMARC 901 $aBK 912 $a990001679720403321 952 $a60 547.78 B 1$b45621$fFAGBC 959 $aFAGBC 996 $aCarbohydrate research in plants and animals$9370977 997 $aUNINA LEADER 01995nam 2200457z- 450 001 9910557239303321 005 20211118 035 $a(CKB)5400000000041556 035 $a(oapen)https://directory.doabooks.org/handle/20.500.12854/73106 035 $a(oapen)doab73106 035 $a(EXLCZ)995400000000041556 100 $a20202111d2019 |y 0 101 0 $aeng 135 $aurmn|---annan 181 $ctxt$2rdacontent 182 $cc$2rdamedia 183 $acr$2rdacarrier 200 00$aRegulation of Vascular Function by Circulating Blood 210 $cFrontiers Media SA$d2019 215 $a1 online resource (131 p.) 311 08$a2-88945-942-X 330 $aThis eBook is a collection of articles from a Frontiers Research Topic. Frontiers Research Topics are very popular trademarks of the Frontiers Journals Series: they are collections of at least ten articles, all centered on a particular subject. With their unique mix of varied contributions from Original Research to Review Articles, Frontiers Research Topics unify the most influential researchers, the latest key findings and historical advances in a hot research area! Find out more on how to host your own Frontiers Research Topic or contribute to one as an author by contacting the Frontiers Editorial Office: frontiersin.org/about/contact 606 $aPhysiology$2bicssc 606 $aScience: general issues$2bicssc 610 $aBlood flow 610 $aEndothelial Cells 610 $aErythrocytes 610 $aNitric Oxide 610 $avasculature 615 7$aPhysiology 615 7$aScience: general issues 700 $aRifkind$b Joseph M$4edt$01302141 702 $aBerkowitz$b Dan E$4edt 702 $aMohanty$b Joy G$4edt 702 $aRifkind$b Joseph M$4oth 702 $aBerkowitz$b Dan E$4oth 702 $aMohanty$b Joy G$4oth 906 $aBOOK 912 $a9910557239303321 996 $aRegulation of Vascular Function by Circulating Blood$93026161 997 $aUNINA